=LDR 00000nam 2200000 4500 =001 NUTBA000000000001055 =005 20200210041421 =035 ##$$a 0010-041400000000325 =008 200210################g##########0#ind## =020 ##$$a 978-602-8117-51-7 =082 ##$$a 152.4 =100 ##$$a Mcgregor, nancy d. =245 1#$$a beranda cinta : $b Semua yang perlu anda ketahui bagaimana membangun cinta bersama pasangan anda /$c Nancy D. McGregor =260 ##$$a Jakarta :$b Prestasi Pustaka,$c 2008 =440 ##$$aberanda cinta =700 #$$a mcgregor, nancy d. =084 ##$$a 152.4 MCG b =300 ##$$a xviii, 357 hlm. ; $c 14 x 20 cm =650 #4$$a Cinta =990 ##$$a 93343/BPAP-NTB/2014 =990 ##$$a 21197004/BPAP-NTB/2014 =990 ##$$a 21008817 =990 ##$$a 93343/BPAP-NTB/2014 =990 ##$$a 21008819 =990 ##$$a 21008817 =990 ##$$a 21008819 =990 ##$$a 21008817